[Event "65+ World Senior Team Championship"]
[Site "chess24.com"]
[Date "2017.04.24"]
[Round "1"]
[White "Giulian, Philip M"]
[Black "Werner, Clemens"]
[Result "1/2-1/2"]
[Board "1"]
[WhiteElo "2123"]
[WhiteTitle "FM"]
[WhiteCountry "SCO"]
[WhiteFideId "2400197"]
[WhiteEloChange "6"]
[BlackElo "2346"]
[BlackTitle "FM"]
[BlackCountry "GER"]
[BlackFideId "4604636"]
[BlackEloChange "-6"]

1. d4 {[%clk 1:30:56]} d6 {[%clk 1:30:12]} 2. c4 {[%clk 1:31:14]} e5 {[%clk
1:30:33]} 3. Nc3 {[%clk 1:31:30]} Nf6 {[%clk 1:30:17]} 4. e4 {[%clk 1:30:38]} Be7
{[%clk 1:29:01]} 5. d5 {[%clk 1:27:36]} O-O {[%clk 1:28:14]} 6. Bd3 {[%clk
1:27:59]} c6 {[%clk 1:24:53]} 7. Nge2 {[%clk 1:27:34]} cxd5 {[%clk 1:19:51]} 8.
cxd5 {[%clk 1:27:28]} Na6 {[%clk 1:19:12]} 9. O-O {[%clk 1:27:17]} Bd7 {[%clk
1:17:58]} 10. Ng3 {[%clk 1:11:13]} Rc8 {[%clk 1:13:38]} 11. Be2 {[%clk 1:09:47]}
Nb8 {[%clk 1:03:26]} 12. Be3 {[%clk 1:07:55]} b6 {[%clk 1:01:45]} 13. Nb5 {[%clk
1:01:50]} Bxb5 {[%clk 0:57:26]} 14. Bxb5 {[%clk 1:02:14]} a6 {[%clk 0:51:52]} 15.
Bd3 {[%clk 1:02:35]} Nfd7 {[%clk 0:48:46]} 16. b4 {[%clk 1:02:26]} g6 {[%clk
0:44:16]} 17. Qe2 {[%clk 0:56:52]} a5 {[%clk 0:40:58]} 18. a3 {[%clk 0:57:12]}
Bg5 {[%clk 0:40:44]} 19. Rfc1 {[%clk 0:54:10]} Qe7 {[%clk 0:35:32]} 20. Qd2
{[%clk 0:48:42]} h6 {[%clk 0:27:13]} 21. Bxg5 {[%clk 0:32:20]} Qxg5 {[%clk
0:27:08]} 22. Qxg5 {[%clk 0:32:44]} hxg5 {[%clk 0:27:32]} 23. Nf1 {[%clk
0:32:35]} Rfd8 {[%clk 0:19:10]} 24. Ne3 {[%clk 0:31:35]} axb4 {[%clk 0:19:11]}
25. axb4 {[%clk 0:31:55]} Kf8 {[%clk 0:19:30]} 26. Kf1 {[%clk 0:22:53]} Ke7
{[%clk 0:18:22]} 27. Ke2 {[%clk 0:23:17]} Nf6 {[%clk 0:16:39]} 28. h3 {[%clk
0:23:38]} Rxc1 {[%clk 0:11:35]} 29. Rxc1 {[%clk 0:24:01]} Ne8 {[%clk 0:11:49]}
30. Kd2 {[%clk 0:23:03]} Nd7 {[%clk 0:11:37]} 31. Ra1 {[%clk 0:22:26]} Rc8 {[%clk
0:10:03]} 32. Bb5 {[%clk 0:21:06]} Nc7 {[%clk 0:05:54]} 33. Bc6 {[%clk 0:18:07]}
b5 {[%clk 0:06:17]} 34. Ra7 {[%clk 0:16:52]} Kd8 {[%clk 0:06:07]} 35. Nd1 {[%clk
0:12:57]} Rb8 {[%clk 0:05:25]} 36. Nc3 {[%clk 0:09:55]} Nf6 {[%clk 0:04:42]} 37.
Kd3 {[%clk 0:08:59]} Nh5 {[%clk 0:02:14]} 38. g3 {[%clk 0:09:23]} f5 {[%clk
0:02:36]} 39. exf5 {[%clk 0:01:31]} gxf5 {[%clk 0:02:36]} 1/2-1/2

[Event "65+ World Senior Team Championship"]
[Site "chess24.com"]
[Date "2017.04.24"]
[Round "1"]
[White "Salov, Sergej"]
[Black "Scrimgour, Alan"]
[Result "1-0"]
[Board "2"]
[WhiteElo "2190"]
[WhiteTitle "IM"]
[WhiteCountry "GER"]
[WhiteFideId "4107926"]
[WhiteEloChange "6"]
[BlackElo "2063"]
[BlackCountry "SCO"]
[BlackFideId "417726"]
[BlackEloChange "-6"]

1. e4 {[%clk 1:30:30]} c5 {[%clk 1:30:30]} 2. Nf3 {[%clk 1:30:30]} e6 {[%clk
1:30:30]} 3. d4 {[%clk 1:30:30]} cxd4 {[%clk 1:30:30]} 4. Nxd4 {[%clk 1:30:30]}
Nc6 {[%clk 1:30:30]} 5. Nc3 {[%clk 1:30:30]} Qc7 {[%clk 1:30:30]} 6. g3 {[%clk
1:30:30]} a6 {[%clk 1:30:30]} 7. Bg2 {[%clk 1:30:30]} d6 {[%clk 1:30:30]} 8. O-O
{[%clk 1:30:30]} Bd7 {[%clk 1:30:30]} 9. Nce2 {[%clk 1:30:30]} Nf6 {[%clk
1:30:30]} 10. c4 {[%clk 1:30:30]} Nxd4 {[%clk 1:30:30]} 11. Qxd4 {[%clk 1:30:30]}
Rc8 {[%clk 1:30:30]} 12. b3 {[%clk 1:30:30]} Be7 {[%clk 1:30:30]} 13. Ba3 {[%clk
1:30:30]} O-O {[%clk 1:30:30]} 14. Rfd1 {[%clk 1:30:30]} Bc6 {[%clk 1:30:30]} 15.
Nc3 {[%clk 1:30:30]} Rfd8 {[%clk 1:30:30]} 16. Qd2 {[%clk 1:30:30]} b6 {[%clk
1:30:30]} 17. Rac1 {[%clk 1:30:30]} Qb7 {[%clk 1:30:30]} 18. Qe2 {[%clk 1:30:30]}
b5 {[%clk 1:30:30]} 19. cxb5 {[%clk 1:30:30]} axb5 {[%clk 1:30:30]} 20. Bb4
{[%clk 1:30:30]} Bf8 {[%clk 1:30:30]} 21. h3 {[%clk 1:30:30]} Ne8 {[%clk
1:30:30]} 22. Rc2 {[%clk 1:30:30]} Rd7 {[%clk 1:30:30]} 23. Rcd2 {[%clk 1:30:30]}
Rcd8 {[%clk 1:30:30]} 24. Kh2 {[%clk 1:30:30]} Nc7 {[%clk 1:30:30]} 25. Nd5
{[%clk 1:30:30]} Bxd5 {[%clk 1:30:30]} 26. exd5 {[%clk 1:30:30]} e5 {[%clk
1:30:30]} 27. Ba5 {[%clk 1:30:30]} g6 {[%clk 1:30:30]} 28. Rc2 {[%clk 1:30:30]}
Bh6 {[%clk 1:30:30]} 29. Rc6 {[%clk 1:30:30]} Rb8 {[%clk 1:30:30]} 30. Bxc7
{[%clk 1:30:30]} Rxc7 {[%clk 1:30:30]} 31. Rxd6 {[%clk 1:30:30]} Rbc8 {[%clk
1:30:30]} 32. Rc6 {[%clk 1:30:30]} Bg7 {[%clk 1:30:30]} 33. Rdc1 {[%clk 1:30:30]}
Qb8 {[%clk 1:30:30]} 34. Qd3 {[%clk 1:30:30]} f5 {[%clk 1:30:30]} 35. d6 {[%clk
1:30:30]} Rxc6 {[%clk 1:30:30]} 36. Qd5+ {[%clk 1:30:30]} Kf8 {[%clk 1:30:30]}
37. Rxc6 {[%clk 1:30:30]} Rxc6 {[%clk 1:30:30]} 38. Qxc6 {[%clk 1:30:30]} e4
{[%clk 1:30:30]} 39. Qc7 {[%clk 1:30:30]} Qe8 {[%clk 1:30:30]} 40. d7 {[%clk
1:30:30]} 1-0

[Event "65+ World Senior Team Championship"]
[Site "chess24.com"]
[Date "2017.04.24"]
[Round "1"]
[White "McKerracher, Douglas"]
[Black "Baum, Bernd, Dr."]
[Result "0-1"]
[Board "3"]
[WhiteElo "1941"]
[WhiteCountry "SCO"]
[WhiteFideId "2401002"]
[WhiteEloChange "-3"]
[BlackElo "2226"]
[BlackTitle "FM"]
[BlackCountry "GER"]
[BlackFideId "4611853"]
[BlackEloChange "3"]

1. e4 {[%clk 1:30:55]} c5 {[%clk 1:30:55]} 2. Nc3 {[%clk 1:31:10]} Nc6 {[%clk
1:31:23]} 3. g3 {[%clk 1:31:24]} g6 {[%clk 1:31:50]} 4. Bg2 {[%clk 1:31:41]} Bg7
{[%clk 1:32:17]} 5. d3 {[%clk 1:31:49]} d6 {[%clk 1:32:45]} 6. f4 {[%clk
1:31:51]} e6 {[%clk 1:33:11]} 7. Nf3 {[%clk 1:32:02]} Nge7 {[%clk 1:33:39]} 8.
O-O {[%clk 1:31:51]} O-O {[%clk 1:34:07]} 9. Be3 {[%clk 1:31:32]} Rb8 {[%clk
1:33:52]} 10. Qd2 {[%clk 1:28:58]} b5 {[%clk 1:31:12]} 11. a3 {[%clk 1:27:43]} a5
{[%clk 1:28:07]} 12. Rab1 {[%clk 1:26:54]} b4 {[%clk 1:22:41]} 13. axb4 {[%clk
1:27:12]} axb4 {[%clk 1:23:08]} 14. Ne2 {[%clk 1:27:25]} Ba6 {[%clk 1:20:25]} 15.
Nh4 {[%clk 1:22:53]} Nd4 {[%clk 1:13:34]} 16. Bxd4 {[%clk 1:15:37]} cxd4 {[%clk
1:13:23]} 17. f5 {[%clk 1:15:13]} Nc6 {[%clk 1:08:44]} 18. fxe6 {[%clk 1:04:05]}
fxe6 {[%clk 1:07:41]} 19. Rxf8+ {[%clk 1:04:05]} Qxf8 {[%clk 1:07:41]} 20. Rf1
{[%clk 0:58:05]} Qe7 {[%clk 1:07:56]} 21. Bh3 {[%clk 0:49:38]} b3 {[%clk
0:59:58]} 22. cxb3 {[%clk 0:41:12]} Ne5 {[%clk 0:56:44]} 23. Nf3 {[%clk 0:29:52]}
Nxd3 {[%clk 0:48:43]} 24. Ra1 {[%clk 0:22:17]} Nc5 {[%clk 0:35:56]} 25. Nexd4
{[%clk 0:20:20]} Bb7 {[%clk 0:35:53]} 26. Ra7 {[%clk 0:15:26]} Qf6 {[%clk
0:31:34]} 27. Qb4 {[%clk 0:12:32]} e5 {[%clk 0:27:26]} 28. Nc6 {[%clk 0:12:12]}
Rf8 {[%clk 0:26:13]} 29. Ncxe5 {[%clk 0:07:10]} dxe5 {[%clk 0:16:57]} 30. Qxc5
{[%clk 0:06:37]} Qxf3 {[%clk 0:16:35]} 31. Rxb7 {[%clk 0:02:59]} Qd1+ {[%clk
0:16:36]} 32. Kg2 {[%clk 0:03:21]} Qf1# {[%clk 0:17:01]} 0-1

[Event "65+ World Senior Team Championship"]
[Site "chess24.com"]
[Date "2017.04.24"]
[Round "1"]
[White "Haubt, Georg"]
[Black "Webster, Jim J"]
[Result "1-0"]
[Board "4"]
[WhiteElo "2179"]
[WhiteTitle "FM"]
[WhiteCountry "GER"]
[WhiteFideId "4604016"]
[WhiteEloChange "2"]
[BlackElo "1807"]
[BlackCountry "SCO"]
[BlackFideId "2403714"]
[BlackEloChange "-2"]

1. e4 {[%clk 1:30:47]} c5 {[%clk 1:30:41]} 2. Nf3 {[%clk 1:30:58]} Nc6 {[%clk
1:30:50]} 3. Bb5 {[%clk 1:31:09]} g6 {[%clk 1:30:05]} 4. O-O {[%clk 1:31:07]} Bg7
{[%clk 1:30:25]} 5. Re1 {[%clk 1:31:31]} Nf6 {[%clk 1:29:06]} 6. Nc3 {[%clk
1:29:45]} O-O {[%clk 1:26:08]} 7. d3 {[%clk 1:24:57]} d6 {[%clk 1:19:58]} 8. Bxc6
{[%clk 1:19:13]} bxc6 {[%clk 1:20:15]} 9. e5 {[%clk 1:19:16]} Nd5 {[%clk
1:19:48]} 10. Ne4 {[%clk 1:15:26]} Bg4 {[%clk 1:18:32]} 11. c4 {[%clk 1:13:00]}
Nc7 {[%clk 1:17:18]} 12. exd6 {[%clk 1:12:26]} exd6 {[%clk 1:17:18]} 13. Bg5
{[%clk 1:12:26]} Qd7 {[%clk 1:14:45]} 14. Nf6+ {[%clk 1:10:25]} Bxf6 {[%clk
1:14:55]} 15. Bxf6 {[%clk 1:10:53]} Ne6 {[%clk 1:15:15]} 16. h3 {[%clk 1:00:03]}
Bxf3 {[%clk 1:07:07]} 17. Qxf3 {[%clk 0:59:46]} Rfe8 {[%clk 1:05:04]} 18. Qg4
{[%clk 0:52:48]} Rab8 {[%clk 0:46:36]} 19. Re3 {[%clk 0:47:23]} h5 {[%clk
0:42:15]} 20. Qh4 {[%clk 0:47:37]} Ng7 {[%clk 0:42:27]} 21. Rf3 {[%clk 0:42:44]}
Qe6 {[%clk 0:32:34]} 22. g4 {[%clk 0:38:35]} Qe2 {[%clk 0:30:02]} 23. Kg2 {[%clk
0:32:01]} Re6 {[%clk 0:26:46]} 24. Bc3 {[%clk 0:31:49]} g5 {[%clk 0:20:57]} 25.
Qxg5 {[%clk 0:29:52]} Rg6 {[%clk 0:21:21]} 26. Qf4 {[%clk 0:26:09]} Qe6 {[%clk
0:21:44]} 27. g5 {[%clk 0:24:15]} Rf8 {[%clk 0:20:08]} 28. Re3 {[%clk 0:18:00]}
Qd7 {[%clk 0:20:25]} 29. Bf6 {[%clk 0:17:58]} Ne6 {[%clk 0:18:36]} 30. Qf5 {[%clk
0:17:17]} Kh7 {[%clk 0:11:50]} 31. Re4 {[%clk 0:11:55]} Rg8 {[%clk 0:11:18]} 32.
Rh4 {[%clk 0:10:51]} 1-0

[Event "65+ World Senior Team Championship"]
[Site "chess24.com"]
[Date "2017.04.25"]
[Round "2"]
[White "Singer, Hans"]
[Black "Vasiukov, Evgeni"]
[Result "1/2-1/2"]
[Board "2"]
[WhiteElo "2213"]
[WhiteTitle "FM"]
[WhiteCountry "AUT"]
[WhiteFideId "1600800"]
[WhiteEloChange "5"]
[BlackElo "2396"]
[BlackTitle "GM"]
[BlackCountry "RUS"]
[BlackFideId "4100522"]
[BlackEloChange "-5"]

1. Nf3 {[%clk 1:30:56]} d6 {[%clk 1:29:12]} 2. e4 {[%clk 1:30:25]} c5 {[%clk
1:29:31]} 3. Bb5+ {[%clk 1:29:59]} Bd7 {[%clk 1:29:21]} 4. Bxd7+ {[%clk 1:29:44]}
Qxd7 {[%clk 1:29:49]} 5. O-O {[%clk 1:28:38]} Nc6 {[%clk 1:27:40]} 6. Nc3 {[%clk
1:25:57]} g6 {[%clk 1:26:07]} 7. d3 {[%clk 1:18:10]} Bg7 {[%clk 1:25:25]} 8. Be3
{[%clk 1:13:15]} Nd4 {[%clk 1:15:12]} 9. Bxd4 {[%clk 1:08:09]} cxd4 {[%clk
1:14:45]} 10. Ne2 {[%clk 1:08:25]} e5 {[%clk 1:14:19]} 11. c3 {[%clk 1:05:24]}
dxc3 {[%clk 1:14:40]} 12. Nxc3 {[%clk 1:05:45]} Ne7 {[%clk 1:13:52]} 13. Qb3
{[%clk 1:05:26]} O-O {[%clk 1:11:46]} 14. Rad1 {[%clk 1:01:19]} Nc6 {[%clk
1:11:02]} 15. Rfe1 {[%clk 0:53:22]} Rad8 {[%clk 1:05:37]} 16. h3 {[%clk 0:51:20]}
Kh8 {[%clk 1:03:58]} 17. d4 {[%clk 0:40:02]} exd4 {[%clk 1:02:35]} 18. Nb5 {[%clk
0:35:47]} d5 {[%clk 0:42:28]} 19. e5 {[%clk 0:35:56]} Na5 {[%clk 0:36:50]} 20.
Qb4 {[%clk 0:34:00]} Nc6 {[%clk 0:36:46]} 21. Qb3 {[%clk 0:34:23]} Na5 {[%clk
0:35:45]} 22. Qb4 {[%clk 0:34:41]} Nc6 {[%clk 0:35:39]} 1/2-1/2

[Event "65+ World Senior Team Championship"]
[Site "chess24.com"]
[Date "2017.04.25"]
[Round "2"]
[White "Zhelnin, Vladimir V"]
[Black "Titz, Heimo"]
[Result "1-0"]
[Board "3"]
[WhiteElo "2455"]
[WhiteTitle "IM"]
[WhiteCountry "RUS"]
[WhiteFideId "4105567"]
[WhiteEloChange "2"]
[BlackElo "2154"]
[BlackTitle "FM"]
[BlackCountry "AUT"]
[BlackFideId "1601520"]
[BlackEloChange "-3"]

1. e4 {[%clk 1:30:56]} c5 {[%clk 1:26:42]} 2. Nf3 {[%clk 1:30:11]} Nc6 {[%clk
1:26:44]} 3. d4 {[%clk 1:28:22]} cxd4 {[%clk 1:26:45]} 4. Nxd4 {[%clk 1:28:39]}
Nf6 {[%clk 1:26:53]} 5. Nc3 {[%clk 1:28:43]} d6 {[%clk 1:27:08]} 6. Bg5 {[%clk
1:28:33]} Bd7 {[%clk 1:26:58]} 7. Qd2 {[%clk 1:25:36]} Rc8 {[%clk 1:26:54]} 8.
O-O-O {[%clk 1:20:12]} Nxd4 {[%clk 1:27:05]} 9. Qxd4 {[%clk 1:20:40]} Qa5 {[%clk
1:27:21]} 10. Bd2 {[%clk 1:15:53]} a6 {[%clk 1:26:56]} 11. a3 {[%clk 1:07:07]}
Qc5 {[%clk 1:22:51]} 12. Qxc5 {[%clk 1:06:38]} Rxc5 {[%clk 1:23:07]} 13. f3
{[%clk 1:06:08]} g6 {[%clk 1:22:52]} 14. Be3 {[%clk 1:05:24]} Rc8 {[%clk
1:22:12]} 15. Bd4 {[%clk 0:59:19]} Bg7 {[%clk 1:22:23]} 16. Nd5 {[%clk 0:54:54]}
Nh5 {[%clk 1:22:11]} 17. Nb6 {[%clk 0:47:02]} Bxd4 {[%clk 1:21:18]} 18. Rxd4
{[%clk 0:47:28]} Rd8 {[%clk 1:16:09]} 19. Bc4 {[%clk 0:43:41]} Nf4 {[%clk
1:06:02]} 20. g3 {[%clk 0:40:14]} Ne6 {[%clk 1:06:17]} 21. Rd2 {[%clk 0:40:18]}
Bc6 {[%clk 1:01:28]} 22. Re1 {[%clk 0:38:38]} Nc5 {[%clk 0:59:50]} 23. Re3 {[%clk
0:35:57]} Nd7 {[%clk 0:55:29]} 24. Nxd7 {[%clk 0:35:24]} Rxd7 {[%clk 0:54:58]}
25. Red3 {[%clk 0:30:25]} g5 {[%clk 0:52:00]} 26. e5 {[%clk 0:29:07]} dxe5 {[%clk
0:51:09]} 27. Bxf7+ {[%clk 0:28:22]} Kxf7 {[%clk 0:51:29]} 28. Rxd7 {[%clk
0:28:48]} Bxd7 {[%clk 0:51:50]} 29. Rxd7 {[%clk 0:29:08]} Rb8 {[%clk 0:51:45]}
30. Kd2 {[%clk 0:28:34]} Ke6 {[%clk 0:51:45]} 31. Rc7 {[%clk 0:28:34]} Kd6 {[%clk
0:51:17]} 32. Rc4 {[%clk 0:28:39]} Rf8 {[%clk 0:49:47]} 33. Ke3 {[%clk 0:28:26]}
b5 {[%clk 0:47:37]} 34. Rg4 {[%clk 0:22:11]} Rc8 {[%clk 0:47:19]} 35. Kd3 {[%clk
0:17:49]} Rf8 {[%clk 0:46:15]} 36. Rxg5 {[%clk 0:13:12]} Rxf3+ {[%clk 0:46:15]}
37. Ke2 {[%clk 0:13:12]} Rf6 {[%clk 0:45:13]} 38. h4 {[%clk 0:11:46]} h6 {[%clk
0:42:37]} 39. Rg7 {[%clk 0:10:31]} Re6 {[%clk 0:37:47]} 40. h5 {[%clk 0:08:42]}
Kd5 {[%clk 0:31:46]} 41. Ke3 {[%clk 0:36:57]} Rc6 {[%clk 1:01:08]} 42. c3 {[%clk
0:33:20]} a5 {[%clk 0:55:54]} 43. Rxe7 {[%clk 0:31:31]} a4 {[%clk 0:55:58]} 44.
Rg7 {[%clk 0:19:03]} Rc8 {[%clk 0:52:48]} 45. Rg6 {[%clk 0:17:32]} Rh8 {[%clk
0:52:48]} 46. g4 {[%clk 0:16:32]} Rh7 {[%clk 0:52:48]} 47. Kd3 {[%clk 0:16:32]}
Rh8 {[%clk 0:50:02]} 48. Rg7 {[%clk 0:16:37]} Rf8 {[%clk 0:49:50]} 49. Rb7 {[%clk
0:15:25]} Kc5 {[%clk 0:49:28]} 50. Ke3 {[%clk 0:14:38]} Rf4 {[%clk 0:48:55]} 51.
Rg7 {[%clk 0:13:00]} Kd5 {[%clk 0:48:15]} 52. Rg6 {[%clk 0:13:16]} Kc5 {[%clk
0:47:18]} 53. Rg8 {[%clk 0:11:53]} Kd5 {[%clk 0:43:20]} 54. Rg7 {[%clk 0:12:03]}
Kc5 {[%clk 0:43:22]} 55. Rg6 {[%clk 0:12:26]} Kd5 {[%clk 0:43:37]} 56. g5 {[%clk
0:11:34]} hxg5 {[%clk 0:44:00]} 57. Rxg5 {[%clk 0:12:03]} Rh4 {[%clk 0:38:49]}
58. Kf3 {[%clk 0:12:23]} Rh2 {[%clk 0:31:23]} 59. Kg3 {[%clk 0:11:37]} Rh1 {[%clk
0:31:23]} 60. Kg2 {[%clk 0:11:37]} Rh4 {[%clk 0:28:37]} 61. Kg3 {[%clk 0:12:02]}
Rh1 {[%clk 0:28:57]} 62. Kg4 {[%clk 0:11:44]} Ke4 {[%clk 0:27:27]} 63. Rg6 {[%clk
0:12:07]} Rg1+ {[%clk 0:26:51]} 64. Kh4 {[%clk 0:12:35]} Rh1+ {[%clk 0:26:27]}
65. Kg5 {[%clk 0:12:53]} Kd3 {[%clk 0:24:19]} 66. Rd6+ {[%clk 0:12:28]} Kc2
{[%clk 0:22:54]} 67. Re6 {[%clk 0:12:01]} Re1 {[%clk 0:14:20]} 68. h6 {[%clk
0:12:03]} e4 {[%clk 0:13:15]} 69. h7 {[%clk 0:09:15]} Rg1+ {[%clk 0:12:23]} 70.
Kf6 {[%clk 0:08:53]} Rh1 {[%clk 0:12:28]} 71. Kg7 {[%clk 0:08:34]} e3 {[%clk
0:06:33]} 72. Rxe3 {[%clk 0:08:19]} Rg1+ {[%clk 0:06:46]} 73. Kf6 {[%clk
0:07:17]} Rh1 {[%clk 0:07:04]} 74. Re5 {[%clk 0:07:16]} Kxb2 {[%clk 0:06:00]} 75.
Rxb5+ {[%clk 0:07:32]} Kxc3 {[%clk 0:05:42]} 76. Kg6 {[%clk 0:07:46]} 1-0

[Event "65+ World Senior Team Championship"]
[Site "chess24.com"]
[Date "2017.04.25"]
[Round "2"]
[White "Danner, Lambert"]
[Black "Pushkov, Nikolai"]
[Result "1/2-1/2"]
[Board "4"]
[WhiteElo "2043"]
[WhiteCountry "AUT"]
[WhiteFideId "1305840"]
[WhiteEloChange "7"]
[BlackElo "2335"]
[BlackTitle "GM"]
[BlackCountry "RUS"]
[BlackFideId "4117131"]
[BlackEloChange "-7"]

1. g3 {[%clk 1:30:49]} d5 {[%clk 1:30:40]} 2. c4 {[%clk 1:31:03]} e6 {[%clk
1:30:56]} 3. Bg2 {[%clk 1:31:07]} Nf6 {[%clk 1:31:03]} 4. Nf3 {[%clk 1:30:40]}
Be7 {[%clk 1:30:07]} 5. O-O {[%clk 1:28:44]} O-O {[%clk 1:30:26]} 6. d4 {[%clk
1:28:47]} b6 {[%clk 1:27:43]} 7. Nc3 {[%clk 1:26:58]} Bb7 {[%clk 1:27:57]} 8.
cxd5 {[%clk 1:25:19]} exd5 {[%clk 1:27:57]} 9. Bf4 {[%clk 1:24:23]} Na6 {[%clk
1:26:30]} 10. Rc1 {[%clk 1:23:50]} c5 {[%clk 1:25:53]} 11. Qa4 {[%clk 1:17:02]}
Qe8 {[%clk 1:21:24]} 12. Rfd1 {[%clk 1:15:38]} Qxa4 {[%clk 1:20:44]} 13. Nxa4
{[%clk 1:14:54]} c4 {[%clk 1:21:02]} 14. Nc3 {[%clk 1:13:31]} Bb4 {[%clk
1:03:04]} 15. Ne5 {[%clk 1:11:18]} Bxc3 {[%clk 1:01:58]} 16. bxc3 {[%clk
1:08:49]} Rac8 {[%clk 1:01:16]} 17. Bh3 {[%clk 1:04:32]} Rcd8 {[%clk 0:57:04]}
18. Bg5 {[%clk 1:00:54]} Rfe8 {[%clk 0:57:05]} 19. Kf1 {[%clk 0:57:39]} Rd6
{[%clk 0:51:47]} 20. Bf4 {[%clk 0:55:35]} Rdd8 {[%clk 0:52:06]} 21. Bg5 {[%clk
0:55:58]} Rd6 {[%clk 0:48:12]} 22. Bf4 {[%clk 0:56:17]} Rdd8 {[%clk 0:48:36]}
1/2-1/2

[Event "65+ World Senior Team Championship"]
[Site "chess24.com"]
[Date "2017.04.25"]
[Round "2"]
[White "Birnboim, Nathan"]
[Black "Vucenovic, Dragomir"]
[Result "1/2-1/2"]
[Board "1"]
[WhiteElo "2355"]
[WhiteTitle "IM"]
[WhiteCountry "ISR"]
[WhiteFideId "2800209"]
[WhiteEloChange "-2"]
[BlackElo "2274"]
[BlackTitle "FM"]
[BlackCountry "SUI"]
[BlackFideId "1300393"]
[BlackEloChange "2"]

1. e4 {[%clk 1:30:38]} e5 {[%clk 1:30:48]} 2. Nf3 {[%clk 1:31:02]} Nc6 {[%clk
1:31:04]} 3. Bb5 {[%clk 1:31:24]} a6 {[%clk 1:31:25]} 4. Ba4 {[%clk 1:31:45]} d6
{[%clk 1:31:47]} 5. O-O {[%clk 1:31:53]} Bd7 {[%clk 1:32:09]} 6. c3 {[%clk
1:31:27]} Nge7 {[%clk 1:32:30]} 7. d4 {[%clk 1:31:30]} Ng6 {[%clk 1:32:51]} 8. d5
{[%clk 1:31:20]} Nb8 {[%clk 1:33:13]} 9. c4 {[%clk 1:31:28]} Be7 {[%clk 1:33:31]}
10. Nc3 {[%clk 1:30:36]} h6 {[%clk 1:32:57]} 11. Ne1 {[%clk 1:19:05]} O-O {[%clk
1:31:30]} 12. Bxd7 {[%clk 1:15:18]} Nxd7 {[%clk 1:31:45]} 13. Nd3 {[%clk
1:13:09]} Bg5 {[%clk 1:29:54]} 14. g3 {[%clk 1:10:28]} Bxc1 {[%clk 1:26:47]} 15.
Rxc1 {[%clk 1:10:36]} Qg5 {[%clk 1:20:28]} 16. f3 {[%clk 1:01:16]} h5 {[%clk
1:14:19]} 17. Rc2 {[%clk 0:51:01]} Ne7 {[%clk 0:58:37]} 18. Kh1 {[%clk 0:45:47]}
f5 {[%clk 0:55:26]} 19. c5 {[%clk 0:30:28]} Qh6 {[%clk 0:52:26]} 20. cxd6 {[%clk
0:16:11]} cxd6 {[%clk 0:52:05]} 21. Nf2 {[%clk 0:07:17]} fxe4 {[%clk 0:45:08]}
22. fxe4 {[%clk 0:07:37]} Rf7 {[%clk 0:44:47]} 23. Nh3 {[%clk 0:04:13]} Rxf1+
{[%clk 0:37:09]} 24. Qxf1 {[%clk 0:04:41]} Rf8 {[%clk 0:35:59]} 25. Qc1 {[%clk
0:04:40]} Qxc1+ {[%clk 0:27:38]} 26. Rxc1 {[%clk 0:05:08]} Nc5 {[%clk 0:27:24]}
27. Kg2 {[%clk 0:02:03]} Nd3 {[%clk 0:25:54]} 28. Rd1 {[%clk 0:01:47]} Nxb2
{[%clk 0:20:43]} 29. Rb1 {[%clk 0:02:16]} Nc4 {[%clk 0:21:07]} 30. Rxb7 {[%clk
0:01:35]} Ne3+ {[%clk 0:21:28]} 31. Kh1 {[%clk 0:02:02]} Rf1+ {[%clk 0:20:33]}
32. Ng1 {[%clk 0:02:31]} Ng6 {[%clk 0:19:37]} 33. Rb1 {[%clk 0:02:08]} Rf8 {[%clk
0:13:43]} 34. Rb6 {[%clk 0:02:04]} Rf2 {[%clk 0:12:21]} 35. Nge2 {[%clk 0:01:40]}
Rf1+ {[%clk 0:11:36]} 36. Ng1 {[%clk 0:02:09]} Rf2 {[%clk 0:11:53]} 1/2-1/2

[Event "65+ World Senior Team Championship"]
[Site "chess24.com"]
[Date "2017.04.25"]
[Round "2"]
[White "Hohler, Peter"]
[Black "Berkovich, Mark A"]
[Result "0-1"]
[Board "2"]
[WhiteElo "2076"]
[WhiteTitle "FM"]
[WhiteCountry "SUI"]
[WhiteFideId "1300296"]
[WhiteEloChange "-4"]
[BlackElo "2345"]
[BlackTitle "IM"]
[BlackCountry "ISR"]
[BlackFideId "2801639"]
[BlackEloChange "4"]

1. d4 {[%clk 1:30:50]} Nf6 {[%clk 1:30:46]} 2. c4 {[%clk 1:30:55]} e6 {[%clk
1:31:06]} 3. Nf3 {[%clk 1:31:07]} b6 {[%clk 1:30:37]} 4. g3 {[%clk 1:30:36]} Bb7
{[%clk 1:30:33]} 5. Bg2 {[%clk 1:31:03]} Be7 {[%clk 1:30:43]} 6. O-O {[%clk
1:30:05]} O-O {[%clk 1:30:56]} 7. Nc3 {[%clk 1:30:30]} Ne4 {[%clk 1:31:19]} 8.
Bd2 {[%clk 1:30:30]} f5 {[%clk 1:29:32]} 9. d5 {[%clk 1:29:38]} Bf6 {[%clk
1:28:29]} 10. Rc1 {[%clk 1:29:54]} Na6 {[%clk 1:27:45]} 11. Be1 {[%clk 1:26:50]}
Nac5 {[%clk 1:18:02]} 12. Nd4 {[%clk 1:18:53]} Qe7 {[%clk 1:11:27]} 13. Ndb5
{[%clk 1:03:47]} c6 {[%clk 1:05:32]} 14. Nxe4 {[%clk 0:58:32]} Nxe4 {[%clk
1:01:41]} 15. dxc6 {[%clk 0:54:15]} dxc6 {[%clk 0:54:55]} 16. Nc3 {[%clk
0:54:33]} Ng5 {[%clk 0:52:43]} 17. Qc2 {[%clk 0:41:42]} c5 {[%clk 0:52:00]} 18.
Bxb7 {[%clk 0:36:28]} Qxb7 {[%clk 0:52:24]} 19. h4 {[%clk 0:35:29]} Nf7 {[%clk
0:52:28]} 20. f3 {[%clk 0:25:38]} Ne5 {[%clk 0:51:08]} 21. b3 {[%clk 0:22:08]}
Nc6 {[%clk 0:48:17]} 22. e3 {[%clk 0:22:26]} Rad8 {[%clk 0:43:28]} 23. Qe2 {[%clk
0:18:09]} Ne5 {[%clk 0:41:00]} 24. Rd1 {[%clk 0:16:41]} h6 {[%clk 0:39:36]} 25.
Nb1 {[%clk 0:13:36]} Rxd1 {[%clk 0:27:48]} 26. Qxd1 {[%clk 0:14:05]} g5 {[%clk
0:27:39]} 27. hxg5 {[%clk 0:14:17]} hxg5 {[%clk 0:28:07]} 28. Bc3 {[%clk
0:13:56]} Rd8 {[%clk 0:26:53]} 29. Qe2 {[%clk 0:14:23]} Qg7 {[%clk 0:26:09]} 30.
Kg2 {[%clk 0:08:16]} g4 {[%clk 0:21:25]} 31. f4 {[%clk 0:03:41]} Nf3 {[%clk
0:19:16]} 32. Bxf6 {[%clk 0:03:54]} Qxf6 {[%clk 0:19:44]} 33. e4 {[%clk 0:03:24]}
Kf7 {[%clk 0:16:53]} 34. e5 {[%clk 0:02:26]} Qe7 {[%clk 0:09:01]} 35. Rh1 {[%clk
0:01:39]} Kg6 {[%clk 0:09:03]} 36. Kf2 {[%clk 0:01:39]} Qb7 {[%clk 0:08:45]} 37.
Qe3 {[%clk 0:00:52]} Nd2 {[%clk 0:06:15]} 38. Rd1 {[%clk 0:00:48]} Ne4+ {[%clk
0:04:12]} 39. Ke2 {[%clk 0:00:59]} Rh8 {[%clk 0:03:39]} 40. Kd3 {[%clk 0:30:35]}
Rh2 {[%clk 0:33:05]} 41. Nd2 {[%clk 0:29:17]} Nf2+ {[%clk 0:32:33]} 42. Kc2
{[%clk 0:29:29]} Nxd1 {[%clk 0:32:56]} 43. Kxd1 {[%clk 0:29:51]} Qh1+ {[%clk
0:31:13]} 44. Kc2 {[%clk 0:29:51]} Qe4+ {[%clk 0:31:14]} 45. Qxe4 {[%clk
0:30:12]} fxe4 {[%clk 0:31:42]} 46. Kc3 {[%clk 0:30:06]} e3 {[%clk 0:31:27]} 47.
Ne4 {[%clk 0:30:26]} Rxa2 {[%clk 0:31:38]} 0-1